[Event "RUS-ch Blitz Women 2018"]
[Site "Sochi"]
[Date "2018.10.07"]
[Round "4"]
[White "Kabanova, Ekaterina"]
[Black "Shuvalova, Polina"]
[Result "0-1"]
[WhiteElo "2082"]
[BlackElo "2421"]
[Annotator "NA"]
[PlyCount "142"]
[EventDate "2018.10.07"]
[EventType "swiss"]
[EventCountry "RUS"]
[SourceTitle "playchess.com"]
[Source "ChessBase"]
[SourceQuality "1"]
[TimeControl "180+2"]

1. c4 {[%emt 0:00:00]} Nf6 {[%emt 0:00:00]} 2. Nf3 e6 3. e3 {[%emt 0:00:00]} d5 {[%emt 0:00:01]} 4. a3 {[%emt 0:00:01]} Be7 {[%emt 0:00:01]} 5. Qc2 {[%emt 0:00:01]} b6 {[%emt 0:00:04]} 6. Be2 {[%emt 0:00:02]} Bb7 {[%emt 0:00:01]} 7. O-O {[%emt 0:00:01]} O-O {[%emt 0:00:02]} 8. b4 {[%emt 0:00:01]} c5 {[%emt 0:00:12]} 9. b5 {[%emt 0:00:01]} Nbd7 {[%emt 0:00:03]} 10. Bb2 {[%emt 0:00:01]} Rc8 {[%emt 0:00:12]} 11. d3 {[%emt 0:00:01]} h6 {[%emt 0:00:04]} 12. Nbd2 {[%emt 0:00:01]} Re8 {[%emt 0:00:05]} 13. h3 {[%emt 0:00:00]} Bd6 {[%emt 0:00:01]} 14. Rfe1 {[%emt 0:00:01]} e5 {[%emt 0:00:03]} 15. cxd5 {[%emt 0:00:01]} Nxd5 {[%emt 0:00:05]} 16. Nc4 {[%emt 0:00:01]} Bb8 {[%emt 0:00:02]} 17. Rac1 {[%emt 0:00:01]} Qe7 {[%emt 0:00:04]} 18. Ncd2 {[%emt 0:00:03]} N5f6 {[%emt 0:00:10]} 19. e4 {[%emt 0:00:05]} Nf8 {[%emt 0:00:05]} 20. Nc4 {[%emt 0:00:02]} N6d7 {[%emt 0:00:02]} 21. Ne3 {[%emt 0:00:02]} g6 {[%emt 0:00:06]} 22. Nc4 {[%emt 0:00:29]} Rcd8 {[%emt 0:00:04]} 23. Nh2 {[%emt 0:00:04]} Ne6 {[%emt 0:00:03]} 24. Ng4 {[%emt 0:00:05]} h5 {[%emt 0:00:09]} 25. Ngxe5 {[%emt 0:00:08]} Nxe5 {[%emt 0:00:14]} 26. Nxe5 {[%emt 0:00:03]} Nf4 {[%emt 0:00:09]} 27. Nf3 {[%emt 0:00:07]} Ne6 {[%emt 0:00:15]} 28. Qb3 {[%emt 0:00:50]} Nd4 {[%emt 0:00:06]} 29. Bxd4 {[%emt 0:00:02]} cxd4 {[%emt 0:00:01]} 30. Rc4 {[%emt 0:00:05]} Qf6 {[%emt 0:00:18]} 31. Qb2 {[%emt 0:00:09]} Bc8 {[%emt 0:00:34]} 32. Qd2 {[%emt 0:00:04]} Be6 {[%emt 0:00:05]} 33. Rc6 {[%emt 0:00:01]} Qe7 {[%emt 0:00:03]} 34. Qh6 {[%emt 0:00:01]} Qf8 {[%emt 0:00:09]} 35. Qxf8+ {[%emt 0:00:02]} Kxf8 {[%emt 0:00:01]} 36. Rec1 {[%emt 0:00:01]} Bd7 {[%emt 0:00:02]} 37. R6c4 {[%emt 0:00:08]} Bxb5 {[%emt 0:00:05]} 38. Rxd4 {[%emt 0:00:01]} Bd6 {[%emt 0:00:03]} 39. a4 {[%emt 0:00:07]} Ba6 {[%emt 0:00:06]} 40. Rc6 {[%emt 0:00:30]} Ke7 {[%emt 0:00:15]} 41. e5 {[%emt 0:00:00]} Bb8 {[%emt 0:00:01]} 42. Rxd8 {[%emt 0:00:02]} Rxd8 {[%emt 0:00:01]} 43. Rc3 {[%emt 0:00:06]} Bb7 {[%emt 0:00:03]} 44. Ne1 {[%emt 0:00:49]} Bxe5 {[%emt 0:00:01]} 45. Rc1 Bf4 {[%emt 0:00:03]} 46. Rb1 {[%emt 0:00:02]} Rd4 {[%emt 0:00:03]} 47. a5 {[%emt 0:00:01]} Bc7 {[%emt 0:00:03]} 48. axb6 {[%emt 0:00:01]} Bxb6 {[%emt 0:00:01]} 49. h4 {[%emt 0:00:03]} Rxh4 {[%emt 0:00:01]} 50. Nf3 {[%emt 0:00:03]} Rf4 {[%emt 0:00:02]} 51. Rc1 {[%emt 0:00:03]} Ra4 {[%emt 0:00:01]} 52. Kh2 {[%emt 0:00:01]} Ra2 {[%emt 0:00:01]} 53. Re1 {[%emt 0:00:02]} Ba5 {[%emt 0:00:01]} 54. Rb1 {[%emt 0:00:03]} Bd5 {[%emt 0:00:04]} 55. Nd4 {[%emt 0:00:04]} Bb6 {[%emt 0:00:01]} 56. Bf3 {[%emt 0:00:04]} Bxf3 {[%emt 0:00:07]} 57. Nxf3 {[%emt 0:00:02]} Rxf2 {[%emt 0:00:01]} 58. Kg3 {[%emt 0:00:01]} Re2 {[%emt 0:00:01]} 59. Rc1 {[%emt 0:00:01]} Kd6 {[%emt 0:00:02]} 60. Rc8 {[%emt 0:00:01]} Re7 {[%emt 0:00:01]} 61. Ra8 {[%emt 0:00:02]} Bc7 {[%emt 0:00:01]} 62. Kf2 {[%emt 0:00:02]} Kc6 {[%emt 0:00:01]} 63. Rc8 {[%emt 0:00:02]} Kb7 {[%emt 0:00:01]} 64. Rf8 {[%emt 0:00:01]} Bb6+ {[%emt 0:00:01]} 65. Kg3 {[%emt 0:00:01]} Kc6 {[%emt 0:00:01]} 66. d4 {[%emt 0:00:04]} Bc7+ {[%emt 0:00:01]} 67. Kf2 Kd5 {[%emt 0:00:00]} 68. Ra8 {[%emt 0:00:04]} Bb6 69. Kg3 {[%emt 0:00:04]} Kc4 {[%emt 0:00:04]} 70. Rc8+ {[%emt 0:00:01]} Kd5 {[%emt 0:00:01]} 71. Ra8 {[%emt 0:00:06]} Rd7 {[%emt 0:00:03]} 0-1

[Event "RUS-ch Blitz Women 2018"]
[Site "Sochi"]
[Date "2018.10.07"]
[Round "4"]
[White "Shaydullina, Sandugach"]
[Black "Ambartsumova, Karina"]
[Result "0-1"]
[WhiteElo "2033"]
[BlackElo "2379"]
[Annotator "NA"]
[PlyCount "154"]
[EventDate "2018.10.07"]
[EventType "swiss"]
[EventCountry "RUS"]
[SourceTitle "playchess.com"]
[Source "ChessBase"]
[SourceQuality "1"]
[TimeControl "180+2"]

1. Nf3 {[%emt 0:00:00]} Nf6 {[%emt 0:00:00]} 2. c4 {[%emt 0:00:00]} e6 {[%emt 0:00:06]} 3. b3 {[%emt 0:00:00]} c5 {[%emt 0:00:10]} 4. Bb2 {[%emt 0:00:02]} Be7 {[%emt 0:00:01]} 5. e3 {[%emt 0:00:00]} Nc6 {[%emt 0:00:03]} 6. g3 {[%emt 0:00:02]} b6 {[%emt 0:00:06]} 7. Bg2 {[%emt 0:00:01]} Bb7 {[%emt 0:00:00]} 8. O-O {[%emt 0:00:02]} O-O {[%emt 0:00:12]} 9. Ne5 {[%emt 0:00:06]} Qc7 {[%emt 0:00:04]} 10. f4 {[%emt 0:00:02]} d6 {[%emt 0:00:03]} 11. Ng4 {[%emt 0:00:03]} Nxg4 {[%emt 0:00:42]} 12. Qxg4 {[%emt 0:00:01]} g6 {[%emt 0:00:01]} 13. h4 {[%emt 0:00:04]} f5 {[%emt 0:00:06]} 14. Qh3 {[%emt 0:00:01]} Bf6 {[%emt 0:00:06]} 15. Nc3 {[%emt 0:00:06]} Nd8 {[%emt 0:00:30]} 16. Kf2 {[%emt 0:00:07]} Bxg2 {[%emt 0:00:02]} 17. Qxg2 {[%emt 0:00:04]} Qc6 {[%emt 0:00:07]} 18. Qh2 {[%emt 0:00:04]} d5 {[%emt 0:00:05]} 19. Rh1 {[%emt 0:00:11]} d4 {[%emt 0:00:08]} 20. Na4 {[%emt 0:00:06]} dxe3+ {[%emt 0:00:06]} 21. dxe3 {[%emt 0:00:03]} Bxb2 {[%emt 0:00:10]} 22. Nxb2 {[%emt 0:00:02]} Nf7 {[%emt 0:00:01]} 23. Qg2 {[%emt 0:00:12]} Qxg2+ {[%emt 0:00:19]} 24. Kxg2 {[%emt 0:00:01]} Rfd8 {[%emt 0:00:01]} 25. Rad1 {[%emt 0:00:02]} Kf8 {[%emt 0:00:01]} 26. h5 {[%emt 0:00:02]} Ke7 {[%emt 0:00:05]} 27. hxg6 {[%emt 0:00:05]} hxg6 {[%emt 0:00:00]} 28. Kf3 {[%emt 0:00:19]} Kf6 {[%emt 0:00:03]} 29. g4 {[%emt 0:00:09]} fxg4+ {[%emt 0:00:06]} 30. Kxg4 {[%emt 0:00:01]} e5 {[%emt 0:00:07]} 31. Kf3 {[%emt 0:00:07]} exf4 {[%emt 0:00:01]} 32. exf4 {[%emt 0:00:02]} Rxd1 {[%emt 0:00:15]} 33. Nxd1 {[%emt 0:00:07]} Rd8 {[%emt 0:00:01]} 34. Ne3 {[%emt 0:00:12]} Rd2 {[%emt 0:00:05]} 35. Nd5+ {[%emt 0:00:09]} Kg7 {[%emt 0:00:01]} 36. Rg1 {[%emt 0:00:16]} Rxa2 37. f5 {[%emt 0:00:01]} g5 {[%emt 0:00:01]} 38. Re1 {[%emt 0:00:12]} Rb2 {[%emt 0:00:04]} 39. Re3 {[%emt 0:00:02]} Nh6 {[%emt 0:00:08]} 40. Ke4 {[%emt 0:00:05]} g4 {[%emt 0:00:03]} 41. Ke5 {[%emt 0:00:11]} Kf7 {[%emt 0:00:00]} 42. Kf4 {[%emt 0:00:07]} Rf2+ {[%emt 0:00:02]} 43. Kg5 {[%emt 0:00:05]} Nxf5 {[%emt 0:00:01]} 44. Re5 {[%emt 0:00:02]} Nd4 {[%emt 0:00:03]} 45. Re7+ {[%emt 0:00:03]} Kf8 {[%emt 0:00:01]} 46. Rxa7 {[%emt 0:00:02]} g3 {[%emt 0:00:04]} 47. Ra8+ {[%emt 0:00:04]} Kf7 {[%emt 0:00:01]} 48. Ra7+ {[%emt 0:00:01]} Ke6 {[%emt 0:00:01]} 49. Nf4+ {[%emt 0:00:11]} Kd6 {[%emt 0:00:03]} 50. Rf7 {[%emt 0:00:08]} g2 {[%emt 0:00:03]} 51. Rf6+ {[%emt 0:00:01]} Kd7 {[%emt 0:00:03]} 52. Nh3 {[%emt 0:00:12]} Rxf6 {[%emt 0:00:01]} 53. Kxf6 {[%emt 0:00:01]} Nf3 {[%emt 0:00:01]} 54. Kf5 {[%emt 0:00:04]} g1=Q {[%emt 0:00:02]} 55. Nxg1 {[%emt 0:00:01]} Nxg1 {[%emt 0:00:01]} 56. Ke4 {[%emt 0:00:02]} Ne2 {[%emt 0:00:03]} 57. Kd5 {[%emt 0:00:04]} Nc3+ {[%emt 0:00:02]} 58. Ke5 {[%emt 0:00:02]} Kc6 {[%emt 0:00:00]} 59. Ke6 {[%emt 0:00:01]} Ne2 {[%emt 0:00:02]} 60. Ke5 {[%emt 0:00:02]} Nc1 {[%emt 0:00:01]} 61. b4 {[%emt 0:00:04]} cxb4 {[%emt 0:00:02]} 62. Kd4 {[%emt 0:00:00]} b3 {[%emt 0:00:02]} 63. Kc3 {[%emt 0:00:01]} Kc5 {[%emt 0:00:00]} 64. Kb2 {[%emt 0:00:01]} Nd3+ {[%emt 0:00:05]} 65. Kxb3 {[%emt 0:00:02]} Ne5 {[%emt 0:00:01]} 66. Ka4 {[%emt 0:00:03]} Nxc4 {[%emt 0:00:02]} 67. Kb3 {[%emt 0:00:01]} b5 {[%emt 0:00:01]} 68. Kc3 {[%emt 0:00:01]} b4+ {[%emt 0:00:01]} 69. Kb3 {[%emt 0:00:00]} Nb6 {[%emt 0:00:02]} 70. Kb2 {[%emt 0:00:02]} Kc4 {[%emt 0:00:01]} 71. Kc2 {[%emt 0:00:01]} b3+ {[%emt 0:00:01]} 72. Kb2 {[%emt 0:00:01]} Kb4 {[%emt 0:00:01]} 73. Kb1 {[%emt 0:00:01]} Ka3 {[%emt 0:00:02]} 74. Ka1 {[%emt 0:00:01]} Nd5 {[%emt 0:00:02]} 75. Kb1 {[%emt 0:00:03]} b2 {[%emt 0:00:01]} 76. Kc2 {[%emt 0:00:02]} Ka2 {[%emt 0:00:01]} 77. Kd3 {[%emt 0:00:02]} b1=Q+ 0-1

[Event "RUS-ch Blitz Women 2018"]
[Site "Sochi"]
[Date "2018.10.07"]
[Round "5"]
[White "Bivol, Alina"]
[Black "Vinokur, Yuliya"]
[Result "0-1"]
[WhiteElo "2403"]
[BlackElo "2170"]
[Annotator "ChessBase"]
[PlyCount "86"]
[EventDate "2018.10.07"]
[EventType "swiss"]
[EventCountry "RUS"]
[SourceTitle "playchess.com"]
[Source "ChessBase"]
[SourceQuality "1"]
[TimeControl "180+2"]

1. Nf3 {[%emt 0:00:00]} g6 {[%emt 0:00:00]} 2. g3 {[%emt 0:00:00]} Bg7 {[%emt 0:00:02]} 3. d4 {[%emt 0:00:01]} c5 {[%emt 0:00:01]} 4. dxc5 {[%emt 0:00:08]} Na6 {[%emt 0:00:11]} 5. Bg2 {[%emt 0:00:03]} Nxc5 {[%emt 0:00:04]} 6. O-O {[%emt 0:00:03]} Nf6 {[%emt 0:00:01]} 7. c4 {[%emt 0:00:07]} O-O {[%emt 0:00:03]} 8. Nc3 {[%emt 0:00:00]} d6 {[%emt 0:00:15]} 9. Nd4 {[%emt 0:00:10]} Rb8 {[%emt 0:00:07]} 10. b3 {[%emt 0:00:11]} a6 {[%emt 0:00:48]} 11. Bb2 {[%emt 0:00:02]} Qc7 {[%emt 0:00:01]} 12. Rc1 {[%emt 0:00:06]} Bd7 {[%emt 0:00:03]} 13. b4 {[%emt 0:00:15]} Ne6 {[%emt 0:00:09]} 14. Nd5 {[%emt 0:00:02]} Qd8 {[%emt 0:00:01]} 15. Nxe6 {[%emt 0:00:07]} fxe6 {[%emt 0:00:12]} 16. Nc3 {[%emt 0:00:23]} Bc6 {[%emt 0:00:05]} 17. Bh3 {[%emt 0:00:31]} e5 {[%emt 0:00:21]} 18. b5 {[%emt 0:00:14]} axb5 {[%emt 0:00:08]} 19. cxb5 {[%emt 0:00:03]} Bd7 {[%emt 0:00:04]} 20. Bg2 {[%emt 0:00:01]} Be6 {[%emt 0:00:09]} 21. Nd5 {[%emt 0:00:20]} Kh8 {[%emt 0:00:02]} 22. Nb4 {[%emt 0:00:25]} Qa5 {[%emt 0:00:03]} 23. a3 {[%emt 0:00:17]} Qa7 {[%emt 0:00:11]} 24. e3 {[%emt 0:00:03]} Rbc8 {[%emt 0:00:04]} 25. Qe2 {[%emt 0:00:02]} Nd7 {[%emt 0:00:12]} 26. h3 {[%emt 0:00:05]} Nc5 {[%emt 0:00:02]} 27. Nd5 {[%emt 0:00:04]} Rf7 {[%emt 0:00:05]} 28. Rc2 {[%emt 0:00:01]} Rcf8 {[%emt 0:00:01]} 29. e4 {[%emt 0:00:03]} Bh6 {[%emt 0:00:08]} 30. Ne3 {[%emt 0:00:07]} Qa5 {[%emt 0:00:04]} 31. Ng4 {[%emt 0:00:03]} Bg7 {[%emt 0:00:01]} 32. Bc1 {[%emt 0:00:03]} Bb3 {[%emt 0:00:03]} 33. Rd2 {[%emt 0:00:02]} Qa4 {[%emt 0:00:01]} 34. Ne3 {[%emt 0:00:02]} Nxe4 {[%emt 0:00:03]} 35. Rb2 {[%emt 0:00:02]} Nc5 {[%emt 0:00:05]} 36. Bd5 {[%emt 0:00:02]} Bxd5 {[%emt 0:00:02]} 37. Nxd5 {[%emt 0:00:01]} e4 {[%emt 0:00:05]} 38. Rb4 {[%emt 0:00:01]} Qa5 {[%emt 0:00:03]} 39. b6 {[%emt 0:00:01]} Nd3 {[%emt 0:00:02]} 40. Qxe4 {[%emt 0:00:06]} Nxf2 {[%emt 0:00:03]} 41. Qh4 {[%emt 0:00:02]} Qxd5 {[%emt 0:00:02]} 42. Bf4 {[%emt 0:00:02]} Ne4 {[%emt 0:00:02]} 43. Rb2 {[%emt 0:00:05]} Qd4+ {[%emt 0:00:02]} 0-1

[Event "RUS-ch Blitz Women 2018"]
[Site "Sochi"]
[Date "2018.10.07"]
[Round "5"]
[White "Vasilevich, Tatjana"]
[Black "Ambartsumova, Karina"]
[Result "1/2-1/2"]
[WhiteElo "2360"]
[BlackElo "2379"]
[Annotator "ChessBase"]
[PlyCount "207"]
[EventDate "2018.10.07"]
[EventType "swiss"]
[EventCountry "RUS"]
[SourceTitle "playchess.com"]
[Source "ChessBase"]
[SourceQuality "1"]
[TimeControl "180+2"]

1. d4 {[%emt 0:00:00]} Nf6 {[%emt 0:00:00]} 2. c4 {[%emt 0:00:00]} d6 {[%emt 0:00:04]} 3. Nc3 {[%emt 0:00:02]} e5 {[%emt 0:00:00]} 4. Nf3 {[%emt 0:00:13]} Nbd7 {[%emt 0:00:04]} 5. e4 {[%emt 0:00:03]} Be7 {[%emt 0:00:01]} 6. Be2 {[%emt 0:00:02]} O-O {[%emt 0:00:02]} 7. O-O {[%emt 0:00:01]} c6 {[%emt 0:00:02]} 8. Re1 {[%emt 0:00:03]} Qe8 {[%emt 0:00:01]} 9. Bf1 {[%emt 0:00:03]} Bd8 {[%emt 0:00:02]} 10. b4 {[%emt 0:00:32]} Qe7 {[%emt 0:00:19]} 11. Bb2 {[%emt 0:00:10]} Bc7 {[%emt 0:00:06]} 12. Qd2 {[%emt 0:00:05]} Re8 {[%emt 0:00:32]} 13. a3 {[%emt 0:00:02]} Nf8 {[%emt 0:00:12]} 14. d5 {[%emt 0:00:10]} Bg4 {[%emt 0:00:15]} 15. Be2 {[%emt 0:00:05]} Bxf3 {[%emt 0:00:08]} 16. Bxf3 {[%emt 0:00:01]} Ng6 {[%emt 0:00:06]} 17. g3 {[%emt 0:00:01]} a5 {[%emt 0:00:06]} 18. dxc6 {[%emt 0:00:05]} bxc6 {[%emt 0:00:07]} 19. b5 {[%emt 0:00:02]} cxb5 {[%emt 0:00:13]} 20. Nxb5 {[%emt 0:00:15]} Nf8 {[%emt 0:00:00]} 21. Red1 {[%emt 0:00:06]} Red8 {[%emt 0:00:01]} 22. a4 {[%emt 0:00:06]} Ne6 {[%emt 0:00:04]} 23. Ba3 {[%emt 0:00:01]} Nc5 {[%emt 0:00:01]} 24. Qc2 {[%emt 0:00:06]} Rab8 {[%emt 0:00:05]} 25. Rd2 {[%emt 0:00:08]} Ne8 {[%emt 0:00:29]} 26. Rad1 {[%emt 0:00:04]} Bb6 {[%emt 0:00:07]} 27. Kg2 {[%emt 0:00:04]} Rd7 {[%emt 0:00:02]} 28. Nc3 {[%emt 0:00:06]} Nf6 {[%emt 0:00:04]} 29. Nb5 {[%emt 0:00:04]} Ne8 {[%emt 0:00:01]} 30. Bg4 {[%emt 0:00:02]} Rdd8 {[%emt 0:00:00]} 31. Bf3 {[%emt 0:00:02]} g6 {[%emt 0:00:02]} 32. h4 {[%emt 0:00:04]} h5 {[%emt 0:00:01]} 33. Rb1 {[%emt 0:00:16]} Kg7 {[%emt 0:00:09]} 34. Qd1 {[%emt 0:00:02]} Bc7 {[%emt 0:00:07]} 35. Bxc5 {[%emt 0:00:08]} dxc5 {[%emt 0:00:01]} 36. Rbb2 {[%emt 0:00:05]} Nf6 {[%emt 0:00:16]} 37. Rxd8 {[%emt 0:00:06]} Rxd8 {[%emt 0:00:01]} 38. Rd2 {[%emt 0:00:01]} Bb6 {[%emt 0:00:08]} 39. Rd6 {[%emt 0:00:06]} Rxd6 {[%emt 0:00:03]} 40. Qxd6 {[%emt 0:00:01]} Qxd6 {[%emt 0:00:02]} 41. Nxd6 {[%emt 0:00:01]} Kf8 {[%emt 0:00:03]} 42. Kf1 {[%emt 0:00:03]} Bc7 {[%emt 0:00:02]} 43. Nb5 {[%emt 0:00:05]} Bb6 {[%emt 0:00:02]} 44. Ke2 {[%emt 0:00:01]} Ke7 {[%emt 0:00:01]} 45. Kd3 {[%emt 0:00:02]} Nd7 {[%emt 0:00:05]} 46. Nc3 {[%emt 0:00:02]} Nf6 {[%emt 0:00:01]} 47. Bg2 {[%emt 0:00:11]} Kd6 {[%emt 0:00:02]} 48. f3 {[%emt 0:00:01]} Ke7 {[%emt 0:00:01]} 49. Bh3 {[%emt 0:00:02]} Bc7 {[%emt 0:00:01]} 50. Nd5+ {[%emt 0:00:03]} Nxd5 {[%emt 0:00:02]} 51. cxd5 {[%emt 0:00:00]} Kd6 {[%emt 0:00:03]} 52. Kc4 {[%emt 0:00:02]} Bd8 {[%emt 0:00:01]} 53. Kb5 {[%emt 0:00:02]} Bc7 {[%emt 0:00:07]} 54. Bf1 {[%emt 0:00:03]} Bd8 {[%emt 0:00:01]} 55. Bc4 {[%emt 0:00:01]} g5 {[%emt 0:00:04]} 56. hxg5 {[%emt 0:00:04]} Bc7 {[%emt 0:00:06]} 57. Ka6 {[%emt 0:00:06]} Bd8 {[%emt 0:00:00]} 58. Kb7 {[%emt 0:00:01]} Bxg5 {[%emt 0:00:02]} 59. Kc8 {[%emt 0:00:01]} h4 {[%emt 0:00:02]} 60. gxh4 {[%emt 0:00:02]} Bxh4 {[%emt 0:00:00]} 61. Kb7 {[%emt 0:00:04]} Be1 {[%emt 0:00:03]} 62. Kc8 {[%emt 0:00:05]} Bh4 {[%emt 0:00:02]} 63. Bb5 {[%emt 0:00:04]} Bg5 {[%emt 0:00:02]} 64. Bc4 {[%emt 0:00:05]} Bh4 {[%emt 0:00:02]} 65. Kb7 {[%emt 0:00:01]} Be1 {[%emt 0:00:02]} 66. Kb6 {[%emt 0:00:03]} Bd2 {[%emt 0:00:01]} 67. Kb5 {[%emt 0:00:02]} Be1 {[%emt 0:00:01]} 68. Bf1 {[%emt 0:00:02]} Bd2 {[%emt 0:00:01]} 69. Bh3 {[%emt 0:00:01]} Be1 {[%emt 0:00:01]} 70. Bg4 {[%emt 0:00:01]} Bd2 {[%emt 0:00:01]} 71. Bh5 {[%emt 0:00:01]} f6 {[%emt 0:00:01]} 72. Bg4 {[%emt 0:00:02]} Be1 {[%emt 0:00:00]} 73. Bh3 {[%emt 0:00:01]} Bd2 {[%emt 0:00:01]} 74. Bf1 {[%emt 0:00:01]} Be1 {[%emt 0:00:01]} 75. Bc4 {[%emt 0:00:01]} Bd2 {[%emt 0:00:01]} 76. Ka6 {[%emt 0:00:01]} Be1 {[%emt 0:00:01]} 77. Kb7 {[%emt 0:00:01]} Bd2 {[%emt 0:00:01]} 78. Kc8 {[%emt 0:00:01]} Be1 {[%emt 0:00:01]} 79. Kd8 {[%emt 0:00:01]} Bd2 {[%emt 0:00:02]} 80. Ke8 {[%emt 0:00:01]} Be1 {[%emt 0:00:02]} 81. Kf7 {[%emt 0:00:01]} Bh4 {[%emt 0:00:02]} 82. Kg6 {[%emt 0:00:01]} Ke7 {[%emt 0:00:06]} 83. Kf5 {[%emt 0:00:04]} Bg5 {[%emt 0:00:07]} 84. Bb5 {[%emt 0:00:02]} Kd6 {[%emt 0:00:01]} 85. Bc4 Ke7 86. Kg4 {[%emt 0:00:03]} Kd6 {[%emt 0:00:01]} 87. Kh3 {[%emt 0:00:07]} Ke7 {[%emt 0:00:01]} 88. Kg2 {[%emt 0:00:01]} Kd6 {[%emt 0:00:00]} 89. Kf2 Ke7 90. Ke2 {[%emt 0:00:01]} Kd6 {[%emt 0:00:01]} 91. Kd3 Kc7 92. Kc3 {[%emt 0:00:05]} Bh4 {[%emt 0:00:02]} 93. Be2 {[%emt 0:00:04]} Kd6 {[%emt 0:00:03]} 94. Kc4 {[%emt 0:00:01]} Be1 {[%emt 0:00:03]} 95. Kb5 {[%emt 0:00:02]} Bd2 {[%emt 0:00:01]} 96. Kb6 {[%emt 0:00:05]} Be1 {[%emt 0:00:01]} 97. Kb7 {[%emt 0:00:01]} Bd2 {[%emt 0:00:02]} 98. Bc4 {[%emt 0:00:01]} Be1 {[%emt 0:00:01]} 99. Kc8 {[%emt 0:00:01]} Bd2 {[%emt 0:00:02]} 100. Kd8 {[%emt 0:00:00]} Bg5 {[%emt 0:00:01]} 101. Ke8 {[%emt 0:00:01]} Bh4 {[%emt 0:00:01]} 102. Kf7 {[%emt 0:00:01]} Bg5 {[%emt 0:00:02]} 103. Kg6 {[%emt 0:00:02]} Ke7 {[%emt 0:00:03]} 104. Kf5 {[%emt 0:00:05]} 1/2-1/2

[Event "RUS-ch Blitz Women 2018"]
[Site "Sochi"]
[Date "2018.10.07"]
[Round "5"]
[White "Charochkina, Daria"]
[Black "Nebolsina, Vera"]
[Result "1-0"]
[WhiteElo "2344"]
[BlackElo "2220"]
[Annotator "ChessBase"]
[PlyCount "95"]
[EventDate "2018.10.07"]
[EventType "swiss"]
[EventCountry "RUS"]
[SourceTitle "playchess.com"]
[Source "ChessBase"]
[SourceQuality "1"]
[TimeControl "180+2"]

1. d4 {[%emt 0:00:00]} Nf6 {[%emt 0:00:00]} 2. c4 {[%emt 0:00:00]} g6 {[%emt 0:00:01]} 3. Nc3 {[%emt 0:00:01]} d5 {[%emt 0:00:02]} 4. cxd5 {[%emt 0:00:01]} Nxd5 {[%emt 0:00:01]} 5. g3 {[%emt 0:00:01]} Bg7 {[%emt 0:00:12]} 6. Bg2 {[%emt 0:00:01]} Nb6 {[%emt 0:00:05]} 7. Nf3 {[%emt 0:00:05]} O-O {[%emt 0:00:13]} 8. O-O {[%emt 0:00:02]} Nc6 {[%emt 0:00:03]} 9. e3 {[%emt 0:00:01]} Re8 {[%emt 0:00:02]} 10. a3 {[%emt 0:00:01]} e5 {[%emt 0:00:07]} 11. d5 {[%emt 0:00:01]} Na5 {[%emt 0:00:08]} 12. Qc2 {[%emt 0:00:01]} Nac4 {[%emt 0:00:08]} 13. b3 {[%emt 0:00:11]} Nd6 {[%emt 0:00:01]} 14. e4 {[%emt 0:00:12]} h6 {[%emt 0:00:15]} 15. Nh4 {[%emt 0:00:17]} Bd7 {[%emt 0:00:15]} 16. Be3 {[%emt 0:00:02]} Rc8 {[%emt 0:00:10]} 17. a4 {[%emt 0:00:04]} c6 {[%emt 0:00:12]} 18. a5 {[%emt 0:00:03]} Na8 {[%emt 0:00:12]} 19. Qd2 {[%emt 0:00:01]} g5 {[%emt 0:00:12]} 20. Nf3 {[%emt 0:00:08]} cxd5 {[%emt 0:00:02]} 21. exd5 {[%emt 0:00:11]} Nc7 {[%emt 0:00:14]} 22. Bxa7 {[%emt 0:00:06]} Ncb5 {[%emt 0:00:06]} 23. Bb6 {[%emt 0:00:08]} Qf6 {[%emt 0:00:09]} 24. Nxb5 {[%emt 0:00:05]} Nxb5 {[%emt 0:00:08]} 25. Rac1 {[%emt 0:01:11]} e4 {[%emt 0:00:03]} 26. Rxc8 {[%emt 0:00:01]} Rxc8 {[%emt 0:00:02]} 27. Ne1 {[%emt 0:00:01]} Qg6 {[%emt 0:00:06]} 28. Qb4 {[%emt 0:00:07]} f5 {[%emt 0:00:07]} 29. Qe7 {[%emt 0:00:05]} Qe8 {[%emt 0:00:06]} 30. Qxe8+ {[%emt 0:00:17]} Rxe8 {[%emt 0:00:01]} 31. f4 {[%emt 0:00:03]} g4 {[%emt 0:00:10]} 32. Nc2 {[%emt 0:00:02]} Rc8 {[%emt 0:00:02]} 33. Ne3 {[%emt 0:00:03]} Rc3 {[%emt 0:00:01]} 34. h3 {[%emt 0:00:07]} h5 {[%emt 0:00:03]} 35. hxg4 {[%emt 0:00:01]} hxg4 {[%emt 0:00:01]} 36. Nc4 {[%emt 0:00:04]} Rxb3 {[%emt 0:00:05]} 37. Ne5 {[%emt 0:00:01]} Be8 {[%emt 0:00:09]} 38. Rc1 {[%emt 0:00:01]} Rc3 {[%emt 0:00:02]} 39. Rxc3 {[%emt 0:00:03]} Nxc3 {[%emt 0:00:01]} 40. d6 {[%emt 0:00:07]} Bxe5 {[%emt 0:00:01]} 41. fxe5 {[%emt 0:00:01]} Bd7 {[%emt 0:00:01]} 42. Bf1 {[%emt 0:00:02]} Be6 {[%emt 0:00:09]} 43. Bd4 {[%emt 0:00:03]} Nd5 {[%emt 0:00:07]} 44. Bb5 {[%emt 0:00:05]} Kf7 {[%emt 0:00:01]} 45. Kf2 {[%emt 0:00:03]} Nb4 {[%emt 0:00:02]} 46. Bb6 {[%emt 0:00:04]} Nc6 {[%emt 0:00:01]} 47. a6 {[%emt 0:00:06]} Bd7 {[%emt 0:00:09]} 48. Bxc6 {[%emt 0:00:04]} 1-0

[Event "RUS-ch Blitz Women 2018"]
[Site "Sochi"]
[Date "2018.10.07"]
[Round "5"]
[White "Dordzhieva, Dinara"]
[Black "Goltseva, Ekaterina"]
[Result "1-0"]
[WhiteElo "2340"]
[BlackElo "2169"]
[Annotator "ChessBase"]
[PlyCount "67"]
[EventDate "2018.10.07"]
[EventType "swiss"]
[EventCountry "RUS"]
[SourceTitle "playchess.com"]
[Source "ChessBase"]
[SourceQuality "1"]
[TimeControl "180+2"]

1. Nf3 {[%emt 0:00:00]} d5 {[%emt 0:00:00]} 2. g3 {[%emt 0:00:00]} Nf6 {[%emt 0:00:01]} 3. Bg2 {[%emt 0:00:01]} b5 {[%emt 0:00:01]} 4. b3 {[%emt 0:00:03]} Bb7 {[%emt 0:00:02]} 5. O-O {[%emt 0:00:03]} e6 {[%emt 0:00:02]} 6. c4 {[%emt 0:00:07]} bxc4 {[%emt 0:00:07]} 7. bxc4 {[%emt 0:00:00]} dxc4 {[%emt 0:00:01]} 8. Na3 {[%emt 0:00:05]} Bd5 {[%emt 0:00:39]} 9. Qc2 {[%emt 0:00:31]} Be7 {[%emt 0:00:15]} 10. Nxc4 {[%emt 0:00:02]} O-O {[%emt 0:00:04]} 11. d3 {[%emt 0:00:01]} c5 {[%emt 0:00:06]} 12. Bb2 {[%emt 0:00:08]} Nc6 {[%emt 0:00:07]} 13. a3 {[%emt 0:00:03]} Rb8 {[%emt 0:00:09]} 14. Rab1 {[%emt 0:00:08]} Na5 {[%emt 0:00:16]} 15. Ne3 {[%emt 0:00:09]} Bb3 16. Qc3 Ba2 {[%emt 0:00:45]} 17. Ra1 {[%emt 0:00:11]} Bd5 {[%emt 0:00:02]} 18. Nxd5 {[%emt 0:00:04]} exd5 {[%emt 0:00:01]} 19. Rab1 {[%emt 0:00:16]} Qb6 {[%emt 0:00:10]} 20. Qc2 {[%emt 0:00:03]} Qe6 {[%emt 0:00:10]} 21. Be5 {[%emt 0:00:11]} Rxb1 {[%emt 0:00:07]} 22. Rxb1 {[%emt 0:00:01]} Nc6 {[%emt 0:00:01]} 23. Bc3 {[%emt 0:00:02]} Rb8 {[%emt 0:00:05]} 24. Rxb8+ {[%emt 0:00:09]} Nxb8 {[%emt 0:00:01]} 25. h3 {[%emt 0:00:01]} Qb6 {[%emt 0:00:03]} 26. Qa4 {[%emt 0:00:03]} Nc6 {[%emt 0:00:05]} 27. Ne5 {[%emt 0:00:06]} Nxe5 28. Bxe5 {[%emt 0:00:01]} h6 {[%emt 0:00:23]} 29. Bxf6 {[%emt 0:00:01]} Bxf6 {[%emt 0:00:02]} 30. Bxd5 {[%emt 0:00:00]} Bd4 {[%emt 0:00:06]} 31. Qe8+ {[%emt 0:00:03]} Kh7 {[%emt 0:00:00]} 32. Qxf7 {[%emt 0:00:02]} Qb1+ {[%emt 0:00:07]} 33. Kg2 {[%emt 0:00:02]} Qb8 {[%emt 0:00:02]} 34. Be4+ {[%emt 0:00:08]} 1-0